000 00549nam a22001931a 4500
001 2763
003 OSt
005 20260204211825.0
008 040324s1974||||dr ||||||b||||||||||spa||
050 _aRD 860 B181a
082 _aRD 860 B181a
100 _aBalaguer, Joaquín
245 _aApunte para una historia prosódica de la métrica castellana / Joaquín Balaguer
264 _aSanto Domingo : Corripio
300 _a296 p.
500 _aIncluye indice.
650 _a1.Literatura Latonoamericana 2.Español CastellanoÌ
942 _2ddc
_cBK
999 _c2763
_d2763